000 00361nam a2200121Ia 4500
008 220216s9999 xx 000 0 und d
100 _aBarua U M
_cet al
245 0 _aMolecular mapping of genes determining height, time to heading, and growth habit in barley (Hordeum vulgare)
260 _bGenome
_c1993
300 _a1080-1087
650 _aRFLP
942 _cJS
999 _c63195
_d63195